[Event "Saintly Cup"]
[Site "Sydney"]
[Date "1999.01.30"]
[Round "8"]
[White "Rogers, Ian"]
[Black "Solomon, Stephen J"]
[Result "1-0"]
[WhiteElo "2618"]
[BlackElo "2435"]
[PlyCount "81"]
[EventDate "1999.01.22"]
[Source "ChessBase"]
[SourceDate "1999.06.08"]

1. d4 Nf6 2. c4 e6 3. Nc3 Bb4 4. e3 O-O 5. Bd3 d5 6. Nf3 c5 7. O-O Nc6 8. a3 Bxc3 9. bxc3 dxc4 10. Bxc4 Qc7 11. Qc2 e5 12. Bd3 Re8 13. e4 c4 14. Bxc4 exd4 15. cxd4 Na5 16. Bd3 Qxc2 17. Bxc2 Nxe4 18. Re1 Nd6 19. Bf4 Nac4 20. Bb3 Bf5 21. Ne5 Be6 22. Nd3 Rad8 23. Nc5 Bc8 24. Bxc4 Nxc4 25. Bc7 Rxe1+ 26. Rxe1 Rf8 27. d5 Nxa3 28. d6 Nb5 29. Re7 a5 30. Bb8 a4 31. Nxa4 Be6 32. Rxb7 Bd5 33. Rb6 Nd4 34. h3 h5 35. Nc5 Ne6 36. Na6 Rc8 37. Bc7 Kf8 38. d7 Ra8 39. Rxe6 fxe6 40. d8=Q+ Rxd8 41. Bxd8 1-0

[Event "Keres mem op"]
[Site "Tallinn"]
[Date "2001.07.31"]
[Round "9"]
[White "Lugovoi, Aleksei"]
[Black "Gavrikov, Viktor"]
[Result "1/2-1/2"]
[WhiteElo "2485"]
[BlackElo "2567"]
[PlyCount "43"]
[EventDate "2001.07.25"]
[Source "ChessBase"]
[SourceDate "2001.09.11"]

1. d4 Nf6 2. c4 e6 3. Nc3 Bb4 4. e3 O-O 5. Bd3 d5 6. Nf3 c5 7. O-O Nc6 8. a3 Bxc3 9. bxc3 Qc7 10. Bb2 dxc4 11. Bxc4 e5 12. Be2 Rd8 13. Qc2 Bg4 14. dxe5 Nxe5 15. c4 Nxf3+ 16. gxf3 Bh3 17. Rfd1 Qc6 18. Qc3 Ne8 19. Kh1 Be6 20. e4 Rxd1+ 21. Rxd1 f6 22. Qe3 1/2-1/2

[Event "6th Wichern Open, Hamburg GER"]
[Site "?"]
[Date "2001.??.??"]
[Round "7"]
[White "Lugovoi, A."]
[Black "Gershon, A."]
[Result "1/2-1/2"]
[WhiteElo "2495"]
[BlackElo "2555"]
[PlyCount "47"]
[EventDate "2001.??.??"]
[Source "www.chesslib.no"]
[SourceDate "2004.05.04"]

1. d4 Nf6 2. c4 e6 3. Nc3 Bb4 4. e3 O-O 5. Bd3 d5 6. Nf3 c5 7. O-O Nc6 8. a3 Bxc3 9. bxc3 Qc7 10. Qc2 dxc4 11. Bxc4 e5 12. Bd3 Bg4 13. Nxe5 Nxe5 14. dxe5 Qxe5 15. f3 Bd7 16. a4 Bc6 17. Re1 Rfd8 18. e4 Nd5 19. Bd2 Nf4 20. Bc4 Rd7 21. Be3 Rad8 22. a5 h5 23. Bf1 h4 24. Rad1 1/2-1/2

[Event "Szirak"]
[Site "Szirak"]
[Date "1985.??.??"]
[Round "8"]
[White "Knaak, Rainer"]
[Black "Horvath, Jozsef"]
[Result "1-0"]
[WhiteElo "2525"]
[BlackElo "2520"]
[PlyCount "59"]
[EventDate "1985.10.??"]
[Source "ChessBase"]

1. d4 Nf6 2. c4 e6 3. Nc3 Bb4 4. e3 O-O 5. Bd3 d5 6. Nf3 c5 7. O-O Nc6 8. a3 Bxc3 9. bxc3 dxc4 10. Bxc4 Qc7 11. Ba2 e5 12. h3 e4 13. Nh2 Na5 14. f3 cxd4 15. cxd4 Be6 16. d5 Qe5 17. Rb1 Bd7 18. Bb2 Qg5 19. Qd2 b6 20. Bxf6 Qxf6 21. fxe4 Qe7 22. Nf3 Qxe4 23. Rb4 Qg6 24. e4 f6 25. Bb1 Qg3 26. e5 fxe5 27. d6 g6 28. Qh6 Rf4 29. Rxf4 Qxf4 30. Ng5 1-0